[Event "Berlin-ch QT"]
[Site "Berlin"]
[Date "2013.04.07"]
[Round "9"]
[White "Ziems, Michael"]
[Black "Cirkovic, Rade"]
[Result "0-1"]
[WhiteElo "1850"]
[BlackElo "1944"]
[PlyCount "24"]
[EventDate "2013.03.30"]
[EventType "swiss"]
[EventRounds "9"]
[EventCountry "GER"]
[SourceTitle "EXT 2023"]
[Source "ChessBase"]
[SourceDate "2022.10.05"]
[SourceVersion "1"]
[SourceVersionDate "2022.10.05"]
[SourceQuality "1"]

1. d4 Nf6 2. c4 e6 3. Nc3 b6 4. e4 d6 5. Bd3 Bb7 6. Nge2 Be7 7. 0-0 0-0 8. f4 Nc6 9. e5 Nd7 10. Bb1 f5 11. d5 exd5 12. cxd5 Nb4 0-1

[Event "Berlin op 04"]
[Site "Berlin"]
[Date "2004.04.17"]
[Round "8"]
[White "Cirkovic, Rade"]
[Black "Iwinski, Grzegorz"]
[Result "0-1"]
[WhiteElo "1910"]
[BlackElo "1997"]
[PlyCount "54"]
[EventDate "2004.04.10"]
[EventType "swiss"]
[EventRounds "9"]
[EventCountry "GER"]
[SourceTitle "EXT 2007"]
[Source "ChessBase"]
[SourceDate "2006.11.23"]
[SourceVersion "1"]
[SourceVersionDate "2006.11.23"]
[SourceQuality "1"]

1. e4 c5 2. Nf3 Nc6 3. d4 cxd4 4. Nxd4 Nf6 5. Nc3 e5 6. Ndb5 d6 7. Bg5 a6 8. Na3 b5 9. Bxf6 gxf6 10. Nd5 Bg7 11. c3 f5 12. Bd3 Be6 13. Qh5 0-0 14. exf5 Bxd5 15. f6 e4 16. fxg7 Re8 17. Qxd5 exd3+ 18. Kf1 Ne5 19. g3 Rc8 20. Kg2 Rc5 21. Qd4 Qa8+ 22. Kh3 Nf3 23. Qxd6 Rh5+ 24. Kg4 Rg5+ 25. Kh3 Qc8+ 26. Kg2 Nh4+ 27. Kg1 Qb7 0-1

[Event "Berlin SF Neukoelln op 3rd"]
[Site "Berlin"]
[Date "2004.03.19"]
[Round "7"]
[White "Cirkovic, Rade"]
[Black "Kujawa, Werner"]
[Result "0-1"]
[WhiteElo "1885"]
[BlackElo "1740"]
[PlyCount "48"]
[EventDate "2004.02.07"]
[EventType "swiss"]
[EventRounds "7"]
[EventCountry "GER"]
[SourceTitle "EXT 2022"]
[Source "ChessBase"]
[SourceDate "2021.10.06"]
[SourceVersion "1"]
[SourceVersionDate "2021.10.06"]
[SourceQuality "1"]

1. e4 e6 2. d4 d5 3. Nc3 Bb4 4. e5 c5 5. a3 Bxc3+ 6. bxc3 Qc7 7. Bd2 Ne7 8. Bd3 c4 9. Be2 Bd7 10. f4 Ba4 11. Bf3 Nbc6 12. Ne2 0-0-0 13. 0-0 h5 14. Be1 Nf5 15. Qd2 h4 16. Ra2 f6 17. Bf2 Rdg8 18. Rb2 g5 19. fxg5 fxe5 20. dxe5 Qxe5 21. Re1 Qg7 22. Nd4 Ncxd4 23. cxd4 Qc7 24. Rxe6 c3 0-1

[Event "Berlin Neukoelln op 7th"]
[Site "Berlin"]
[Date "2001.06.08"]
[Round "5"]
[White "Cirkovic, Rade"]
[Black "Pinkus, Lutz"]
[Result "0-1"]
[WhiteElo "1877"]
[BlackElo "2155"]
[PlyCount "70"]
[EventDate "2001.05.11"]
[EventType "swiss"]
[EventRounds "7"]
[EventCountry "GER"]
[SourceTitle "EXT 2022"]
[Source "ChessBase"]
[SourceDate "2021.10.06"]
[SourceVersion "1"]
[SourceVersionDate "2021.10.06"]
[SourceQuality "1"]

1. e4 e6 2. d4 d5 3. Nc3 Nf6 4. Bg5 Bb4 5. e5 h6 6. Be3 Ne4 7. Nge2 c5 8. f3 cxd4 9. Bxd4 Ng5 10. h4 Nh7 11. f4 Nc6 12. Qd3 Qa5 13. a3 b6 14. 0-0-0 Nxd4 15. Nxd4 Bxc3 16. Qb5+ Bd7 17. Qxa5 Bxa5 18. b4 Bxb4 19. axb4 a5 20. Nb5 Bxb5 21. Bxb5+ Ke7 22. Bc6 Rac8 23. b5 Rhd8 24. Kd2 Nf8 25. Ke3 Nd7 26. c4 dxc4 27. Rc1 Nc5 28. Rxc4 Rd3+ 29. Ke2 Rcd8 30. Rhc1 Rd2+ 31. Ke1 Ra2 32. Kf1 Nd3 33. Rd1 Rf2+ 34. Kg1 Rxf4 35. Bf3 Rxc4 0-1

[Event "Berlin Neukoelln op 7th"]
[Site "Berlin"]
[Date "2001.05.25"]
[Round "3"]
[White "Cirkovic, Rade"]
[Black "Kleemeyer, Olaf"]
[Result "1-0"]
[WhiteElo "1877"]
[BlackElo "1538"]
[PlyCount "63"]
[EventDate "2001.05.11"]
[EventType "swiss"]
[EventRounds "7"]
[EventCountry "GER"]
[SourceTitle "EXT 2022"]
[Source "ChessBase"]
[SourceDate "2021.10.06"]
[SourceVersion "1"]
[SourceVersionDate "2021.10.06"]
[SourceQuality "1"]

1. e4 e6 2. d4 d5 3. Nc3 Bb4 4. e5 Ne7 5. Bd3 c5 6. a3 Bxc3+ 7. bxc3 Nbc6 8. Be3 c4 9. Be2 Bd7 10. f4 Nf5 11. Bf2 Qa5 12. Qd2 0-0-0 13. Nf3 h6 14. 0-0 Rdg8 15. Rfb1 f6 16. Ra2 Qd8 17. Rab2 b6 18. Nh4 g5 19. Nxf5 exf5 20. Kh1 h5 21. a4 Na5 22. Rb4 Nc6 23. Rb5 Be6 24. Qc1 fxe5 25. dxe5 gxf4 26. Qb2 Qg5 27. Bf3 Nxe5 28. Rxb6 Kd7 29. Qb5+ Ke7 30. Rxe6+ Kxe6 31. Qxd5+ Kf6 32. Qd6+ 1-0